Supported Housing (Regulatory Oversight) Act 2023 (Record no. 121599)

MARC details
000 -LEADER
fixed length control field 00805nam a22001817a 4500
008 - FIXED-LENGTH DATA ELEMENTS--GENERAL INFORMATION
fixed length control field 230706s2023 xxk|||||ol|||o00| 0 eng d
041 ## - LANGUAGE CODE
Language code of text/sound track or separate title eng
110 ## - MAIN ENTRY--CORPORATE NAME
Corporate author Parliament
245 ## - TITLE STATEMENT
Title Supported Housing (Regulatory Oversight) Act 2023
260 ## - PUBLICATION INFORMATION
Date 2023
520 ## - ABSTRACT
Abstract An to make provision about the regulation of supported exempt accommodation; to make provision about local authority oversight of, and enforcement powers relating to, the provision of supported exempt accommodation; and for connected purposes
650 ## - KEYWORDS
Keywords SUPPORTED HOUSING
650 ## - KEYWORDS
Keywords HOUSING
650 ## - KEYWORDS
Keywords SUPPORTED HOUSING (REGULATORY OVERSIGHT) ACT 2023
651 ## - SUBJECT ADDED ENTRY--GEOGRAPHIC NAME
Geographic name United Kingdom
856 ## - ONLINE RESOURCE
Uniform Resource Identifier <a href="https://www.legislation.gov.uk/ukpga/2023/26/section/2/enacted">https://www.legislation.gov.uk/ukpga/2023/26/section/2/enacted</a>
Public note Available as enacted on legislation.gov.uk
942 ## - ADDED ENTRY ELEMENTS (KOHA)
Suppress in OPAC Do not suppress in OPAC
Holdings
Lost status Damaged status Not for loan Home library Current library Shelving location Date acquired Total Checkouts Full call number Date last seen Price effective from Koha item type
      Virtual Virtual Online 06/07/2023   LEGISLATION 06/07/2023 06/07/2023 Online material